| 000 | 00846pam a2200253 a 4500 | ||
|---|---|---|---|
| 008 | |||
| 020 | _a0138536562 (pbk.) | ||
| 049 | _aMAIN | ||
| 090 | _aTA347.F5 | ||
| 100 | 1 | _aMelosh, Robert J. | |
| 245 | 1 | 0 |
_aStructural engineering analysis by finite elements / _cRobert J. Melosh. |
| 260 |
_aEnglewood Cliffs, N.J. : _bPrentice Hall, _cc1990. |
||
| 300 |
_axii, 308 p. : _bill. ; _c24 cm. |
||
| 440 | 0 | _aPrentice Hall international series in civil engineering and engineering mechanics | |
| 504 | _aIncludes bibliographical references. | ||
| 500 | _aIncludes index. | ||
| 650 | 0 | _aStructural analysis (Engineering) | |
| 650 | 0 | _aFinite element method. | |
| 907 |
_a.b10168321 _b05-08-13 _c18-07-05 |
||
| 003 | |||
| 005 | 20230123134035.0 | ||
| 040 | _cNUST | ||
| 942 |
_cBOOKS _kTA347.F5 |
||
| 999 |
_c158993 _d158993 |
||